Word Ladder #15 – Great Chinese Inventions - Statistics

General Stats
  • This quiz has been taken 299 times
  • The average score is 11 of 17
Answer Stats
Hint Answer % Correct
Invention #1. Points to north. Compass
98%
Invention #3. Write on it. Paper (Papermaking)
88%
Invention #2. Pour it in your musket. Gunpowder
86%
350 Horse_____ engine. Power
84%
Van Gogh, for example. Painter
82%
Forcibly reduce in size. Compress
74%
“Starry Night,” for example. Painting
74%
Pied _____ of Hamelin. Piper
70%
Invention #4. Process to make books. Printing
70%
Barometric ________. Pressure
67%
Retired: out to _______. Pasture
52%
Hurdy-gurdy man: organ _______. Grinder
48%
Latin for “Daddy.” Pater
47%
2-word anagram of above. 1) ______ beef. 2) Church seat. Ground pew
44%
Rolling hit to shortstop. Grounder
41%
One who complains. Griper
36%
Model on catwalk. Or phony. Poser
30%
No matching quizzes found
Score Distribution
Percent of People with Each Score
Percentile by Number Answered
Your Score History
You have not taken this quiz